000 00505nam a2200181Ia 4500
008 240925s9999 xx 000 0 und d
020 _a713135697
082 _a621.38195835 HFF
100 _aHeffer, D. E.; King, G. A.; Keith D. C.
245 0 _aBasic Principles and Practice of Microprocessors
250 _a2nd
260 _aLondon:
_bEdward Arnold
_c,1986.
300 _a242p.
_bNA
_fOriginal
500 _aIncludes Index
600 _aEngineering Technology
650 _aTechnology
942 _cBK
999 _c3212
_d3212